000 00825nam a2200253Ia 4500
003 OSt
005 20220923211812.0
006 a|||||r|||| 00| 0
007 ta
008 220922b |||||||| |||| 00| 0 hin d
024 _a57,759
037 _cTextual
040 _aARTS
_cARTS
_bhin
041 _2hin
_ahin
082 _aQ1:g, 152L91
100 _aपाण्डेय, ओम्प्रकाश
245 0 _aवैदिक खिल सूक्त
_b एक अध्ययन
246 _aVaidik khil sūkta: ek adhyayana
260 _aकानपुर
_b ग्रन्थम्
_c1979
300 _a289पृ.
_ccm.
650 _aधर्मशास्त्र
942 _hQ1:g, 152L91
_cTEXL
_2CC
999 _c303763
_d303763